Electrophysical agents : (رقم التسجيلة. 79380)
[ عرض عادي ]
| 000 -الفاتح | |
|---|---|
| حقل البيانات ثابتة الطول | 01741cam a22004334a 4500 |
| 001 - رقم الضبط | |
| رقم الضبط | 15598108 |
| 003 - محدد رقم الضبط | |
| رقم الضبط | OSt |
| 005 - وقت وتاريخ اخر تعامل مع التسجيلة | |
| رقم الضبط | 20210304165253.0 |
| 008 - عناصر البيانات ثابتة الطول - معلومات عامة | |
| حقل البيانات ثابتة الطول | 090122s2021 paua bf 001 0 eng |
| 010 ## - رقم ضبط مكتبة الكونجرس | |
| رقم ضبط مكتبة الكونجرس | 2009002847 |
| 020 ## - الرقم الدولى المعيارى للكتب | |
| الرقم الدولى المعيارى للكتاب | 9780702051517 |
| 035 ## - رقم ضبط النظام | |
| رقم ضبط النظام | (OCoLC)ocn300396883 |
| 040 ## - مصدر الفهرسة | |
| وكالة الفهرسة الأصلية | DNLM/DLC |
| وكالة النسخ | DLC |
| وكالة التعديل | YDX |
| -- | BTCTA |
| -- | YDXCP |
| -- | NLM |
| -- | DLC |
| 042 ## - رمز التحقق | |
| رمز التحقق | pcc |
| 050 00 - رقم طلب مكتبة الكونجرس | |
| رقم التصنيف | RM701 |
| رقم المادة | .B45 2010 |
| 060 00 - رقم الطلب بالمكتبة الطبية الوطنية | |
| رقم التصنيف | 2009 I-809 |
| 060 10 - رقم الطلب بالمكتبة الطبية الوطنية | |
| رقم التصنيف | WB 39 |
| رقم المادة | B4266t 2010 |
| 082 00 - رقم تصنيف ديوى العشرى | |
| رقم التصنيف | 615.82 |
| رقم الطبعة | 22 |
| رقم المادة | WTE |
| 100 1# - المدخل الرئيسى - إسم شخصى | |
| الإسم الشخصى | Watson, Tim |
| 9 (RLIN) | 88198 |
| 245 10 - بيان العنوان | |
| العنوان | Electrophysical agents : |
| بقية العنوان | evidence-Based practice / |
| بيان المسئوليه,etc | Tim Watson, Ethne L. Nussbaum |
| 250 ## - بيان الطبعة | |
| بيان الطبعة | 3rd ed. |
| 260 ## - PUBLICATION, DISTRIBUTION, ETC. (IMPRINT) | |
| مكان الناشر او الموزع | Philadelphia : |
| اسم الناشر او الموزع | Elsevier, |
| تاريخ النشر أو التوزيع | 2021. |
| 300 ## - الوصف المادى | |
| التعداد | xx, 422 p. : |
| تفاصيل ماديه اخرى للوعاء | ill. ; |
| أبعاد الوعاء | 26 cm. |
| 500 ## - تبصرة عامة | |
| تبصرة عامة | Rev ed. of: Evidence-based guide to therapeutic physical agents, c2002. |
| 504 ## - تبصرة ببليوجرافية | |
| تبصرة ببليوجرافية,الخ | Includes bibliographical references and index. |
| 650 #0 - المدخل الاضافى بالموضوع-مصطلح موضوعى | |
| مصطلح موضوعي أو اسم جغرافي كعنصر مدخل | Physical therapy |
| التقسيم الفرعي الشكلي | Handbooks, manuals, etc. |
| 9 (RLIN) | 88199 |
| 650 #0 - المدخل الاضافى بالموضوع-مصطلح موضوعى | |
| مصطلح موضوعي أو اسم جغرافي كعنصر مدخل | Medicine, Physical |
| التقسيم الفرعي الشكلي | Handbooks, manuals, etc. |
| 9 (RLIN) | 38218 |
| 650 12 - المدخل الاضافى بالموضوع-مصطلح موضوعى | |
| مصطلح موضوعي أو اسم جغرافي كعنصر مدخل | Therapeutics |
| التقسيم الفرعي الشكلي | Handbooks. |
| 9 (RLIN) | 88200 |
| 650 12 - المدخل الاضافى بالموضوع-مصطلح موضوعى | |
| مصطلح موضوعي أو اسم جغرافي كعنصر مدخل | Therapeutics |
| التقسيم الفرعي الشكلي | Outlines. |
| 9 (RLIN) | 38219 |
| 650 22 - المدخل الاضافى بالموضوع-مصطلح موضوعى | |
| مصطلح موضوعي أو اسم جغرافي كعنصر مدخل | Evidence-Based Medicine |
| التقسيم الفرعي الشكلي | Handbooks. |
| 9 (RLIN) | 88201 |
| 650 22 - المدخل الاضافى بالموضوع-مصطلح موضوعى | |
| مصطلح موضوعي أو اسم جغرافي كعنصر مدخل | Evidence-Based Medicine |
| التقسيم الفرعي الشكلي | Outlines. |
| 9 (RLIN) | 38220 |
| 650 22 - المدخل الاضافى بالموضوع-مصطلح موضوعى | |
| مصطلح موضوعي أو اسم جغرافي كعنصر مدخل | Physical Medicine |
| التقسيم الفرعي الشكلي | Handbooks. |
| 9 (RLIN) | 38221 |
| 650 22 - المدخل الاضافى بالموضوع-مصطلح موضوعى | |
| مصطلح موضوعي أو اسم جغرافي كعنصر مدخل | Physical Medicine |
| التقسيم الفرعي الشكلي | Outlines. |
| 9 (RLIN) | 38222 |
| 856 42 - الوصول و الموقع الالكترونى | |
| مواد محددة | Publisher description |
| معرف المصدر الموحد | <a href="http://www.loc.gov/catdir/enhancements/fy0905/2009002847-d.html">http://www.loc.gov/catdir/enhancements/fy0905/2009002847-d.html</a> |
| 856 41 - الوصول و الموقع الالكترونى | |
| مواد محددة | Table of contents only |
| معرف المصدر الموحد | <a href="http://www.loc.gov/catdir/enhancements/fy1012/2009002847-t.html">http://www.loc.gov/catdir/enhancements/fy1012/2009002847-t.html</a> |
| 906 ## - عنصر بيانات محلى F, LDF (RLIN) | |
| a | 7 |
| b | cbc |
| c | orignew |
| d | 1 |
| e | ecip |
| f | 20 |
| g | y-gencatlg |
| 942 ## - عناصر المدخل الإضافي( كوها) | |
| مصدر التصنيف او مخطط الترفيف | Dewey Decimal Classification |
| Koha [default] item type | كتاب |
| حالة الفقد | نموذج السعر الفعال | حالة تلف | ليس للاعارة | رقم الطلب | تاريخ الاكتساب | الموقع الحالي | الباركود | الفرع الرئيسي | Date last seen | نوع المادة فى نظام كوها | مصدر التصنيف او خطة الترفيف | Total Checkouts |
|---|---|---|---|---|---|---|---|---|---|---|---|---|
| 2021-03-04 | 615.82 WTE | 2021-03-04 | المكتبة المركزية بالمجمعة (CL) | 00167040 | المكتبة المركزية بالمجمعة (CL) | 2021-03-04 | كتاب | Dewey Decimal Classification | ||||
| 2021-03-04 | 615.82 WTE | 2021-03-04 | المكتبة المركزية بالمجمعة (CL) | 00167041 | المكتبة المركزية بالمجمعة (CL) | 2021-03-04 | كتاب | Dewey Decimal Classification | ||||
| 2021-03-04 | 615.82 WTE | 2021-03-04 | المكتبة المركزية بالمجمعة (CL) | 00167042 | المكتبة المركزية بالمجمعة (CL) | 2021-03-04 | كتاب | Dewey Decimal Classification | ||||
| 2021-03-04 | 615.82 WTE | 2021-03-04 | مكتبة كلية العلوم الطبية التطبيقية بالمجمعة - طالبات (AMF) | 00167132 | مكتبة كلية العلوم الطبية التطبيقية بالمجمعة - طالبات (AMF) | 2021-03-04 | كتاب | Dewey Decimal Classification | ||||
| 2021-03-04 | 615.82 WTE | 2021-03-04 | مكتبة كلية العلوم الطبية التطبيقية بالمجمعة - طالبات (AMF) | 00167133 | مكتبة كلية العلوم الطبية التطبيقية بالمجمعة - طالبات (AMF) | 2021-03-04 | كتاب | Dewey Decimal Classification | ||||
| 2021-03-04 | 615.82 WTE | 2021-03-04 | مكتبة مجمع الكليات بالزلفى - طلاب (SZM) | 00167134 | مكتبة مجمع الكليات بالزلفى - طلاب (SZM) | 2021-03-04 | كتاب | Dewey Decimal Classification |
